[Event "Titled Tue 17th Jun Early"]
[Site "chess.com INT"]
[Date "2025.06.17"]
[Round "7"]
[White "Tin, Jingyao"]
[Black "Esipenko, Andrey"]
[Result "1-0"]
[WhiteTitle "GM"]
[BlackTitle "GM"]
[WhiteElo "2583"]
[BlackElo "2689"]
[WhiteFideId "5804418"]
[BlackFideId "24175439"]
[EventDate "2025.06.17"]

1. d4 d5 2. c4 dxc4 3. Nf3 Nf6 4. e3 Be6 5. Na3 c5 6. Bxc4 Bxc4 7. Nxc4 cxd4 8.
Nxd4 e6 9. O-O Qd5 10. Qe2 Nc6 11. Nb5 O-O-O 12. Nxa7+ Kb8 13. Nxc6+ Qxc6 14.
Bd2 Ne4 15. Ba5 Rd5 16. Rfc1 Qa6 17. Qf3 Nf6 18. b4 Rf5 19. Qg3+ e5 20. Nb6 Bd6
21. Qxg7 Re8 22. Qxf7 Ka7 23. Nc8+ Rxc8 24. Rxc8 Qe2 25. Rf1 e4 26. Qc4 Bxh2+
27. Kxh2 Qh5+ 28. Kg1 Rd5 29. Qc7 Nd7 30. Rg8 Qh6 31. Qc8 Ka6 32. Qc4+ 1-0

[Event "Titled Tue 17th Jun Early"]
[Site "chess.com INT"]
[Date "2025.06.17"]
[Round "7"]
[White "Lopez Abreu, Michel Samuel"]
[Black "Hernandez Jimenez, Alexander Andres"]
[Result "0-1"]
[WhiteTitle "FM"]
[BlackTitle "FM"]
[WhiteElo "2038"]
[BlackElo "2069"]
[WhiteFideId "3927903"]
[BlackFideId "3900452"]
[EventDate "2025.06.17"]

1. d4 c6 2. Nf3 d5 3. c4 Nf6 4. Nc3 g6 5. Bg5 Bg7 6. e3 O-O 7. Bd3 a6 8. O-O b5
9. cxd5 cxd5 10. a3 Nc6 11. Rc1 Na5 12. Ne5 Nc4 13. Bf4 Nxb2 14. Qd2 Nxd3 15.
Qxd3 Bf5 16. Qd2 Rc8 17. Na2 Qb6 18. Bg5 Ne4 19. Qb2 Rxc1 20. Rxc1 Nxg5 21. Rc6
Qa5 22. Nb4 Bxe5 23. dxe5 Ne4 24. Rxa6 Qc7 25. Nxd5 Qb7 26. Nb4 Nc5 27. Rc6 Nd3
28. Qc3 Nxb4 29. axb4 Rd8 30. h3 Qd7 31. Rc7 Qe6 32. Qc5 Rd5 33. Rc8+ Kg7 34.
Qc6 Qxe5 0-1

[Event "Titled Tue 17th Jun Early"]
[Site "chess.com INT"]
[Date "2025.06.17"]
[Round "7"]
[White "Materia, Marco"]
[Black "Dubnevych, Maksym"]
[Result "1-0"]
[WhiteTitle "IM"]
[BlackTitle "FM"]
[WhiteElo "2489"]
[BlackElo "2296"]
[WhiteFideId "45150451"]
[BlackFideId "14184001"]
[EventDate "2025.06.17"]

1. Nf3 d5 2. b3 c5 3. e3 f6 4. d4 cxd4 5. exd4 Nc6 6. Bb2 Bg4 7. Be2 e6 8. O-O
Bd6 9. Re1 Nge7 10. h3 Bh5 11. c4 O-O 12. Nc3 Rc8 13. Nd2 Bf7 14. Nf1 dxc4 15.
Bxc4 Nxd4 16. Ne4 Be5 17. Ng5 Nec6 18. Nxf7 Rxf7 19. Qg4 f5 20. Qh5 g6 21. Qh6
Qf6 22. f4 Nf3+ 23. gxf3 Bxb2 24. Bxe6 Bxa1 25. Bxc8 Re7 26. Rd1 Bd4+ 27. Kh1
Qd6 28. Bxf5 Qd5 29. Bg4 Qc5 30. Qg5 Qxg5 31. fxg5 Re2 32. Bd7 Bb6 33. Ng3 Rxa2
34. Ne4 Ne5 35. Nf6+ Kf7 36. Bg4 h5 37. Bc8 1-0

[Event "Titled Tue 17th Jun Early"]
[Site "chess.com INT"]
[Date "2025.06.17"]
[Round "7"]
[White "Jacobsen, Mikkel Manosri"]
[Black "Filev, Georgi"]
[Result "0-1"]
[WhiteTitle "FM"]
[BlackTitle "FM"]
[WhiteElo "2223"]
[BlackElo "2189"]
[WhiteFideId "1444514"]
[BlackFideId "2907500"]
[EventDate "2025.06.17"]

1. d4 d5 2. Nf3 Nf6 3. Bf4 e6 4. e3 Bd6 5. Nbd2 c5 6. c3 Qc7 7. Bxd6 Qxd6 8. Ne5
Nbd7 9. f4 b6 10. Bd3 Bb7 11. Qf3 O-O 12. g4 cxd4 13. exd4 Rac8 14. Rg1 a5 15.
Rg3 Ne4 16. Nxe4 dxe4 17. Bxe4 Bxe4 18. Qxe4 f6 19. Nxd7 Qxd7 20. O-O-O b5 21.
d5 e5 22. fxe5 fxe5 23. Rf3 Rxf3 24. Qxf3 b4 25. Rd3 Rf8 26. Qe2 Qa4 27. Kb1 e4
28. Rd4 e3 29. b3 Qa3 30. d6 bxc3 31. d7 c2+ 32. Kxc2 Qxa2+ 33. Kc3 Qxe2 0-1

[Event "Titled Tue 17th Jun Early"]
[Site "chess.com INT"]
[Date "2025.06.17"]
[Round "7"]
[White "Asensio Ramos, Enrique Fernando"]
[Black "Bolashakov, Nurali"]
[Result "1-0"]
[WhiteTitle "CM"]
[BlackTitle "CM"]
[WhiteElo "2200"]
[BlackElo "2242"]
[WhiteFideId "2214172"]
[BlackFideId "13792105"]
[EventDate "2025.06.17"]

1. d4 Nf6 2. Nc3 d5 3. Bf4 a6 4. e3 e6 5. g4 c5 6. g5 Nfd7 7. Qg4 Nc6 8. O-O-O
b5 9. Qg3 Ra7 10. Nf3 b4 11. Na4 c4 12. b3 Qa5 13. h4 Be7 14. h5 Bd8 15. Bd6 Nb6
16. Nxb6 Bxb6 17. bxc4 Qxa2 18. Nd2 Qa1+ 19. Nb1 Bd7 20. c5 Ba5 21. Rd3 Nd8 22.
Rb3 Ba4 23. Rb2 Kd7 24. e4 Kc6 25. exd5+ exd5 26. Qf3 1-0

[Event "Titled Tue 17th Jun Early"]
[Site "chess.com INT"]
[Date "2025.06.17"]
[Round "7"]
[White "Altynbek, Aiaru"]
[Black "Gajic, Mladen"]
[Result "1-0"]
[WhiteTitle "WFM"]
[BlackTitle "FM"]
[WhiteElo "1977"]
[BlackElo "2246"]
[WhiteFideId "13752472"]
[BlackFideId "1709178"]
[EventDate "2025.06.17"]

1. d4 Nf6 2. c4 c5 3. d5 e6 4. Nc3 exd5 5. cxd5 d6 6. Nf3 g6 7. e4 Bg7 8. Be2
O-O 9. Be3 Bg4 10. Nd2 Bxe2 11. Qxe2 Re8 12. O-O Na6 13. a4 Nb4 14. Nc4 Nxe4 15.
Nxe4 Rxe4 16. Nd2 Rxe3 17. fxe3 Nc2 18. Rac1 Nxe3 19. Rf3 Nf5 20. Qf1 Bxb2 21.
Rb1 Bd4+ 22. Kh1 b6 23. Ne4 Qh4 24. Re1 Kg7 25. g3 Qd8 26. g4 Nh6 27. Qg2 Qh4
28. Ref1 Be5 29. g5 Nf5 30. Rh3 Qxh3 31. Qxh3 a6 32. Ng3 Nxg3+ 33. hxg3 b5 34.
Qd7 Rf8 35. axb5 axb5 36. Qxb5 h6 37. gxh6+ Kxh6 38. Qd7 Kg7 39. Kg2 c4 40. Qc7
c3 41. Rf3 g5 42. Kf2 Kg6 43. Ke2 1-0

[Event "Titled Tue 17th Jun Early"]
[Site "chess.com INT"]
[Date "2025.06.17"]
[Round "7"]
[White "Tang, Dylan"]
[Black "Guerrero Cataldo, Juan Andres"]
[Result "1-0"]
[WhiteTitle "FM"]
[BlackTitle "CM"]
[WhiteElo "2236"]
[BlackElo "2082"]
[WhiteFideId "30972531"]
[BlackFideId "3421260"]
[EventDate "2025.06.17"]

1. e4 c5 2. Nf3 e6 3. d4 cxd4 4. Nxd4 a6 5. c4 Qc7 6. Nc3 Nf6 7. a3 d6 8. Be3
Be7 9. Be2 Nbd7 10. O-O b6 11. Rc1 Bb7 12. f3 Rc8 13. Qd2 Qb8 14. b4 Qa8 15.
Rfd1 O-O 16. Nb3 Rfd8 17. Na4 d5 18. exd5 exd5 19. Nxb6 Nxb6 20. Bxb6 dxc4 21.
Bxd8 Rxd8 22. Qe3 Re8 23. Na5 Bxb4 24. Qb6 Bxa5 25. Qxa5 Qa7+ 26. Kf1 Qe3 27.
Qd2 Qe5 28. g3 h5 29. Rxc4 Nd5 30. Re4 Ne3+ 31. Qxe3 Bxe4 32. fxe4 Re6 33. Kg2
Qxe4+ 34. Qxe4 Rxe4 35. Bxh5 g6 36. Bf3 Re3 37. Ra1 Kg7 38. a4 a5 39. Bc6 Rc3
40. Bb5 f5 41. Re1 g5 42. Re5 Kf6 43. Rd5 Rc2+ 44. Kg1 Rc1+ 45. Bf1 Ra1 46. Rxa5
f4 47. gxf4 gxf4 48. Kf2 Ra2+ 49. Be2 Ke6 50. h4 Kf6 51. Kf3 Kg6 52. Bd3+ Kh6
53. Kxf4 Rf2+ 54. Kg3 Rb2 55. Be4 Rb4 56. Bf3 Rb3 57. Ra6+ Kg7 58. a5 Rb1 59.
Ra7+ Kf6 60. a6 Rg1+ 61. Kf2 Ra1 62. h5 Ke5 63. h6 Kf4 64. Rf7+ Kg5 65. a7 Ra2+
66. Kg3 Rxa7 67. Rxa7 1-0

[Event "Titled Tue 17th Jun Early"]
[Site "chess.com INT"]
[Date "2025.06.17"]
[Round "7"]
[White "Asish Panda"]
[Black "Weetik, Vjacheslav"]
[Result "0-1"]
[BlackTitle "FM"]
[WhiteElo "1911"]
[BlackElo "2423"]
[WhiteFideId "45012458"]
[BlackFideId "4153472"]
[EventDate "2025.06.17"]

1. e4 c6 2. c4 e5 3. Nc3 Nf6 4. g3 d5 5. cxd5 cxd5 6. exd5 Nxd5 7. Bb5+ Nc6 8.
Qa4 Nb4 9. Nf3 Bh3 10. Nxe5 Qe7 11. d4 O-O-O 12. Bxc6 Nxc6 13. Be3 Nxe5 14. dxe5
Qxe5 15. Qxa7 Bb4 16. Rc1 Qd5 17. Rg1 Rhe8 18. Ke2 Bg4+ 19. Kf1 Bh3+ 20. Ke2
Qc4+ 21. Ke1 Bg4 22. f3 Rxe3+ 23. Kf2 Rxf3+ 24. Kg2 Rd2+ 25. Ne2 Rxe2+ 26. Kh1
Rxh2+ 27. Kxh2 Rf2+ 28. Kh1 Bf3+ 29. Rg2 Qxc1+ 30. Kh2 Rxg2+ 0-1

[Event "Titled Tue 17th Jun Early"]
[Site "chess.com INT"]
[Date "2025.06.17"]
[Round "7"]
[White "Akshit, Kumar J"]
[Black "Aarav Sinha"]
[Result "1-0"]
[WhiteTitle "CM"]
[BlackTitle "FM"]
[WhiteElo "2074"]
[BlackElo "2255"]
[WhiteFideId "25097431"]
[BlackFideId "25674064"]
[EventDate "2025.06.17"]

1. e4 c6 2. d4 d5 3. Nc3 dxe4 4. Nxe4 Nf6 5. Nxf6+ exf6 6. c3 Bd6 7. Bd3 O-O 8.
Qc2 h5 9. Ne2 Qc7 10. Be3 Re8 11. O-O-O Nd7 12. c4 c5 13. Kb1 cxd4 14. Nxd4 Bc5
15. Rhe1 Ne5 16. Nb5 Qb6 17. Bxc5 Qxc5 18. Nd6 Rd8 19. f4 Nxd3 20. Rxd3 Rxd6 21.
Re8+ Kh7 22. Rd5+ g6 23. Rxc5 Rc6 24. Rxc6 bxc6 25. Qe2 a5 26. Kc1 Rb8 27. Qe7
Rb7 28. Qf8 g5 29. Qg8+ Kh6 30. fxg5+ fxg5 31. Rxc8 Re7 32. Rxc6+ Re6 33. Rxe6+
fxe6 34. Qxe6+ Kg7 35. c5 g4 36. c6 h4 37. c7 a4 38. c8=Q a3 39. Qc7+ Kh8 40.
Qec8# 1-0

[Event "Titled Tue 17th Jun Early"]
[Site "chess.com INT"]
[Date "2025.06.17"]
[Round "7"]
[White "Jovic, Stanoje"]
[Black "Yevchenko, Oleksandr"]
[Result "1-0"]
[WhiteTitle "FM"]
[BlackTitle "CM"]
[WhiteElo "2096"]
[BlackElo "2276"]
[WhiteFideId "905020"]
[BlackFideId "14108267"]
[EventDate "2025.06.17"]

1. c4 e5 2. g3 Nf6 3. Bg2 c6 4. Nf3 e4 5. Nd4 d5 6. cxd5 cxd5 7. O-O Nc6 8. Nc2
Bc5 9. d3 exd3 10. Qxd3 Be6 11. Nc3 O-O 12. Bg5 Be7 13. Rfd1 Ne5 14. Qd4 Nc6 15.
Qa4 Qb6 16. Qb5 Rfd8 17. Qxb6 axb6 18. a3 d4 19. Nb5 Bb3 20. Rac1 h6 21. Bf4 Nh5
22. Bc7 Rd7 23. Bxb6 Bg5 24. f4 Nxf4 25. gxf4 Bxf4 26. Ncxd4 Bxd1 27. Rxd1 Be3+
28. Kf1 Ra6 29. Bc5 Ra5 30. a4 Nxd4 31. b4 Rxa4 32. Nxd4 Bxd4 33. e3 Bxc5 34.
Rxd7 Bxb4 35. Bd5 Ra1+ 36. Ke2 Bc5 37. Rxf7 Kh7 38. Rxb7 Ra3 39. Be4+ Kg8 40.
Bd3 Rc3 41. h4 1-0

[Event "Titled Tue 17th Jun Early"]
[Site "chess.com INT"]
[Date "2025.06.17"]
[Round "7"]
[White "Vaganian, Rafael A"]
[Black "Shermuhammadov, Samandar"]
[Result "1-0"]
[WhiteTitle "GM"]
[BlackTitle "FM"]
[WhiteElo "2449"]
[BlackElo "2110"]
[WhiteFideId "13300016"]
[BlackFideId "14205602"]
[EventDate "2025.06.17"]

1. d4 d6 2. e4 e5 3. dxe5 dxe5 4. Qxd8+ Kxd8 5. Bc4 f6 6. Nc3 c6 7. Be3 Kc7 8.
O-O-O b5 9. Bb3 Na6 10. f4 Bd6 11. fxe5 Bxe5 12. Nf3 Bd6 13. Rd2 Ne7 14. Rhd1
Bc5 15. Bf4+ Kb7 16. e5 Nc7 17. exf6 gxf6 18. Ne4 Na6 19. Nd6+ Bxd6 20. Bxd6 Nf5
21. Bf4 Nc5 22. g4 Ne7 23. g5 Bg4 24. gxf6 Ng6 25. Be3 Nxb3+ 26. axb3 Bxf3 27.
Rd7+ Kc8 28. R1d6 Bd5 29. Rg7 Ne5 30. Bf4 Ng6 31. Bg3 a5 32. Rdd7 a4 33. Rc7+
Kd8 34. Rgd7+ Ke8 35. f7+ Kf8 36. Bd6+ Kg7 37. f8=Q# 1-0

[Event "Titled Tue 17th Jun Early"]
[Site "chess.com INT"]
[Date "2025.06.17"]
[Round "7"]
[White "Sanhueza, Cristian"]
[Black "Mekhitarian, Krikor Sevag"]
[Result "0-1"]
[WhiteTitle "FM"]
[BlackTitle "GM"]
[WhiteElo "2213"]
[BlackElo "2564"]
[WhiteFideId "116815"]
[BlackFideId "2107660"]
[EventDate "2025.06.17"]

1. e4 c5 2. Nf3 Nc6 3. d4 cxd4 4. Nxd4 Nf6 5. Nc3 e5 6. Ndb5 d6 7. Bg5 a6 8. Na3
b5 9. Bxf6 gxf6 10. Nd5 Bg7 11. g3 f5 12. Bg2 O-O 13. exf5 Bxf5 14. Ne3 Bd7 15.
Qxd6 Rc8 16. Rd1 Qa5+ 17. c3 Rfd8 18. O-O Be8 19. Qc5 Bf8 20. Rxd8 Rxd8 21. Nac4
bxc4 22. Qxc4 Qc5 23. Qg4+ Kh8 24. Be4 Ne7 25. Re1 Qd6 26. Qh4 Qh6 27. Qg4 Bd7
28. Qf3 Qg7 29. h4 Be6 30. h5 h6 31. a4 Qg5 32. a5 f5 33. Bb7 e4 34. Qe2 f4 35.
Ng2 fxg3 36. fxg3 Nf5 37. Qxe4 Bc5+ 38. Kh2 Qxg3+ 39. Kh1 Qh3# 0-1

[Event "Titled Tue 17th Jun Early"]
[Site "chess.com INT"]
[Date "2025.06.17"]
[Round "7"]
[White "Essing, Arnold"]
[Black "Sevig, Mert Can"]
[Result "1-0"]
[WhiteTitle "FM"]
[BlackTitle "CM"]
[WhiteElo "2197"]
[BlackElo "2025"]
[WhiteFideId "4619862"]
[BlackFideId "44546335"]
[EventDate "2025.06.17"]

1. d4 Nf6 2. Nf3 g6 3. c4 Bg7 4. Nc3 d6 5. e4 O-O 6. Be2 e5 7. O-O Nc6 8. d5 Ne7
9. Ne1 Nd7 10. f3 f5 11. g4 a5 12. Nd3 Nf6 13. h3 h5 14. g5 Nh7 15. h4 Qd7 16.
Nf2 b6 17. Kg2 Rf7 18. Rh1 Ba6 19. Be3 Raf8 20. a3 c5 21. Rb1 Qc7 22. Qd3 Rc8
23. Na4 Rb8 24. Qc2 Qd7 25. b4 axb4 26. axb4 Rff8 27. Rb2 Rfc8 28. Rhb1 Qc7 29.
Qb3 cxb4 30. Qxb4 Bxc4 31. Bxc4 Qxc4 32. Qxd6 1-0

[Event "Titled Tue 17th Jun Early"]
[Site "chess.com INT"]
[Date "2025.06.17"]
[Round "7"]
[White "Hnatyshyn, Anastasiia"]
[Black "Azizoglu, Ferzan"]
[Result "1-0"]
[WhiteTitle "WFM"]
[WhiteElo "2233"]
[BlackElo "2055"]
[WhiteFideId "14198339"]
[BlackFideId "6302726"]
[EventDate "2025.06.17"]

1. Nc3 d6 2. d4 g6 3. e4 Bg7 4. f4 a6 5. Nf3 b5 6. Bd3 Bb7 7. Qe2 Nd7 8. a4 b4
9. Nd1 c5 10. c3 e6 11. O-O Ne7 12. Be3 O-O 13. cxb4 cxb4 14. Nf2 a5 15. h4 d5
16. e5 Nf5 17. h5 Ng3 18. Qd2 Nxf1 19. Rxf1 Nb6 20. b3 Rc8 21. Ng4 Rc3 22. h6
Bh8 23. f5 exf5 24. Bg5 Qc8 25. Nf6+ Bxf6 26. Bxf6 Nd7 27. Bxf5 Rxb3 28. Qg5 Re8
29. e6 fxe6 30. Bxg6 Re7 31. Bxe7 e5 32. Bf5+ Kf7 33. Nxe5+ Nxe5 34. Bxc8+ Ke8
35. Rf8# 1-0

[Event "Titled Tue 17th Jun Early"]
[Site "chess.com INT"]
[Date "2025.06.17"]
[Round "7"]
[White "Mecit, Emre"]
[Black "Garcia Molina, Jose"]
[Result "1/2-1/2"]
[BlackTitle "FM"]
[WhiteElo "2007"]
[BlackElo "2156"]
[WhiteFideId "6304214"]
[BlackFideId "32030592"]
[EventDate "2025.06.17"]

1. Nf3 g6 2. g3 Bg7 3. Bg2 c5 4. O-O Nc6 5. c4 e6 6. Nc3 Nge7 7. e3 O-O 8. d4
cxd4 9. exd4 d5 10. cxd5 Nxd5 11. Bg5 Nxc3 12. bxc3 Qa5 13. Bd2 Rd8 14. Qe2 Bd7
15. c4 Qa6 16. Be3 Rac8 17. Rfd1 Na5 18. Ne5 Be8 19. Rac1 b6 20. Bf3 Bxe5 21.
dxe5 Rxd1+ 22. Rxd1 Qxc4 23. Qxc4 Nxc4 24. Rc1 Bb5 25. Be2 Kf8 26. a4 Ba6 27. a5
bxa5 28. Bxa7 Ke8 29. Ra1 Bb7 30. Bd4 Kd7 31. Kf1 Ba6 32. Ke1 Ra8 33. Bc3 Bb5
34. Bxa5 Kc6 35. Bc3 Rxa1+ 36. Bxa1 Nb6 37. Bf3+ Nd5 38. Bxd5+ Kxd5 39. f4 Ke4
40. Kf2 h5 41. Bb2 h4 42. Bc3 h3 43. Bd2 Ba4 44. Bc3 Bd1 45. Bb4 Bg4 46. Be7 Kd4
47. Bf6 Ke4 48. Be7 Kd4 49. Bf6 Ke4 50. Be7 1/2-1/2

[Event "Titled Tue 17th Jun Early"]
[Site "chess.com INT"]
[Date "2025.06.17"]
[Round "7"]
[White "Ivanov, Andrey A."]
[Black "Montano Vicente, Guadalupe"]
[Result "1-0"]
[WhiteTitle "CM"]
[WhiteElo "2120"]
[BlackElo "1938"]
[WhiteFideId "2514311"]
[BlackFideId "5181399"]
[EventDate "2025.06.17"]

1. Nf3 Nf6 2. d4 b6 3. c4 Bb7 4. Nc3 e6 5. a3 g6 6. d5 exd5 7. cxd5 Bg7 8. e4 d6
9. Bc4 O-O 10. O-O Nbd7 11. b4 a6 12. Rb1 Ng4 13. Ne2 Nge5 14. Nxe5 Nxe5 15. Bb3
c6 16. Bf4 cxd5 17. exd5 Rc8 18. Nd4 b5 19. Qd2 Nc4 20. Bxc4 Rxc4 21. Nf3 Bxd5
22. Qxd5 Rxf4 23. Qc6 d5 24. Qxa6 Rxf3 25. gxf3 Be5 26. f4 Bxf4 27. Rb3 Qg5+ 28.
Kh1 Qh4 29. h3 Rb8 30. Qc6 d4 31. Rf3 Rd8 32. Qe4 g5 33. Rg1 Kf8 34. Qd3 h5 35.
Qxb5 d3 36. Rxd3 Rxd3 37. Qxd3 Qxf2 38. Rg2 Qe1+ 39. Rg1 Qf2 40. Qd8+ 1-0

[Event "Titled Tue 17th Jun Early"]
[Site "chess.com INT"]
[Date "2025.06.17"]
[Round "7"]
[White "Bacrot, Etienne"]
[Black "Ratkovic, Miloje"]
[Result "1-0"]
[WhiteTitle "GM"]
[BlackTitle "GM"]
[WhiteElo "2633"]
[BlackElo "2489"]
[WhiteFideId "605506"]
[BlackFideId "914517"]
[EventDate "2025.06.17"]

1. e4 Nf6 2. e5 Nd5 3. Nc3 Nb6 4. d4 d5 5. Bd3 Nc6 6. Be3 Nb4 7. Be2 Bf5 8. Rc1
e6 9. a3 Nc6 10. g4 Be4 11. f3 Bg6 12. Nh3 Be7 13. O-O h5 14. g5 Bf5 15. Nf2
Bxg5 16. f4 Bh6 17. Kh1 Qh4 18. Qd2 O-O-O 19. b3 f6 20. Bd3 fxe5 21. Bxf5 exf5
22. Ne2 e4 23. Rg1 Qe7 24. c4 dxc4 25. bxc4 Qxa3 26. d5 Qb4 27. Qa2 Qa5 28. Qb3
Qb4 29. Qa2 Na5 30. Bd2 Qb3 31. Qxa5 e3 32. Rc3 Qb2 33. Rxe3 Nxc4 34. Qxa7 Nxd2
35. Re7 Qb6 36. Qa8# 1-0

[Event "Titled Tue 17th Jun Early"]
[Site "chess.com INT"]
[Date "2025.06.17"]
[Round "7"]
[White "Kozusek, Daniel"]
[Black "Nagare Kaivalya Sandip"]
[Result "0-1"]
[WhiteTitle "FM"]
[BlackTitle "FM"]
[WhiteElo "2345"]
[BlackElo "2321"]
[WhiteFideId "349500"]
[BlackFideId "25957929"]
[EventDate "2025.06.17"]

1. d4 Nf6 2. Nf3 d5 3. Bf4 Bf5 4. e3 e6 5. c4 Bb4+ 6. Nc3 Nc6 7. Qb3 O-O 8. Be2
dxc4 9. Bxc4 Nd5 10. Bxd5 Qxd5 11. Qxd5 exd5 12. Rc1 Bd3 13. a3 Bxc3+ 14. Rxc3
Bb5 15. Bxc7 Rfc8 16. Bd6 Na5 17. Nd2 Rxc3 18. bxc3 Rc8 19. Bb4 Nc6 20. Kd1 Nxb4
21. cxb4 Rc3 22. Nb1 Ba4+ 23. Ke2 Rc2+ 24. Kf3 f5 25. h3 Kf7 26. g4 g6 27. gxf5
gxf5 28. Rg1 Bb5 29. Re1 Bd3 30. Kg3 Bc4 31. Rd1 b6 32. Rd2 Rc1 33. Rb2 b5 34.
Nd2 Ra1 35. Nb1 Ke6 36. Kf3 Bd3 37. Nd2 Rxa3 38. Nb3 Bc4 39. Nc5+ Kf6 40. Rb1 a5
41. bxa5 Rxa5 42. Rg1 b4 43. Rg8 Rb5 0-1

[Event "Titled Tue 17th Jun Early"]
[Site "chess.com INT"]
[Date "2025.06.17"]
[Round "7"]
[White "Dragnev, Valentin"]
[Black "Punin, Andrii"]
[Result "1-0"]
[WhiteTitle "GM"]
[BlackTitle "FM"]
[WhiteElo "2547"]
[BlackElo "2289"]
[WhiteFideId "1634852"]
[BlackFideId "14112639"]
[EventDate "2025.06.17"]

1. e4 d5 2. exd5 Qxd5 3. Nc3 Qa5 4. d4 Nf6 5. Nf3 c6 6. Bc4 Bf5 7. Ne5 e6 8. g4
Bg6 9. h4 Nbd7 10. Nxd7 Nxd7 11. h5 Be4 12. O-O Bd5 13. Nxd5 cxd5 14. Bd3 g6 15.
a4 Bd6 16. Bd2 Qd8 17. Kg2 gxh5 18. g5 Qe7 19. Qxh5 O-O-O 20. Rh1 f6 21. Kf1
fxg5 22. Bxg5 Nf6 23. Qh4 Rdf8 24. Re1 Qf7 25. Re2 h6 26. Bd2 h5 27. Ke1 Ng4 28.
Rh3 Bf4 29. Bb4 Re8 30. f3 Ne3 31. Bd2 Rhg8 32. Bxe3 Bxe3 33. Rxe3 Rg1+ 34. Bf1
Reg8 35. Rh1 Qf5 36. Rxg1 Rxg1 37. Qe7 Qxc2 38. Rc3+ 1-0

[Event "Titled Tue 17th Jun Early"]
[Site "chess.com INT"]
[Date "2025.06.17"]
[Round "7"]
[White "Celik, Ali Alper"]
[Black "Gibala, Adam"]
[Result "0-1"]
[WhiteTitle "FM"]
[BlackTitle "CM"]
[WhiteElo "2213"]
[BlackElo "2245"]
[WhiteFideId "44569955"]
[BlackFideId "21070288"]
[EventDate "2025.06.17"]

1. e4 c6 2. d4 d5 3. Nd2 dxe4 4. Nxe4 Nd7 5. Nf3 Ndf6 6. Nxf6+ Nxf6 7. h3 Bf5 8.
c3 e6 9. Bd3 Bxd3 10. Qxd3 Be7 11. O-O O-O 12. Re1 a5 13. Bg5 a4 14. a3 h6 15.
Bh4 Re8 16. Rad1 Qb6 17. Re2 Rad8 18. Ne5 c5 19. Qc4 cxd4 20. cxd4 Qa5 21. Red2
Rc8 22. Qe2 Nd5 23. Bxe7 Rxe7 24. g3 Rec7 25. Qf3 Nf6 26. Kg2 Qd5 27. h4 b5 28.
Qxd5 Nxd5 29. Nd3 Rc4 30. Nc5 Kf8 31. Re1 Rd8 32. Red1 Ke7 33. Kf3 Nb6 34. Ke2
Rd5 0-1

[Event "Titled Tue 17th Jun Early"]
[Site "chess.com INT"]
[Date "2025.06.17"]
[Round "7"]
[White "Carrasco Miranda, Andres"]
[Black "Yao, Hanchi"]
[Result "1-0"]
[WhiteTitle "CM"]
[WhiteElo "2211"]
[BlackElo "2129"]
[WhiteFideId "3405990"]
[BlackFideId "30957397"]
[EventDate "2025.06.17"]

1. Nf3 Nf6 2. c4 e6 3. g3 b6 4. Bg2 Bb7 5. O-O Be7 6. d4 O-O 7. h4 Ne4 8. d5 d6
9. Nd4 exd5 10. cxd5 Bxd5 11. Nf5 Bb7 12. Nd2 Nc5 13. Bxb7 Nxb7 14. Ne4 Re8 15.
Nxg7 Kxg7 16. Qd2 Kh8 17. Qd5 c6 18. Qxf7 Bxh4 19. Bh6 Rg8 20. Qxb7 Qe7 21. Qxe7
Bxe7 22. Bf4 Rd8 23. Kg2 Kg8 24. Rh1 Nd7 25. Bxd6 Bxd6 26. Nxd6 Nf8 27. Ne4 Rd4
28. Rh4 Kg7 29. e3 Rd5 30. Rah1 c5 31. f4 Re8 32. Kf3 c4 33. Rg4+ Kf7 34. Ng5+
Kg7 35. Ne6+ Kf7 36. Nc7 Red8 37. Nxd5 Rxd5 38. Rc1 b5 39. Rc2 Rd1 40. Rg5 Ne6
41. Rxb5 Ra1 42. Ra5 a6 43. Rxc4 Rf1+ 44. Ke2 Rh1 45. Rc6 Rh2+ 46. Kf3 Rxb2 47.
Raxa6 Ng7 48. Rc7+ Kf8 49. Ra8+ Ne8 50. Rcc8 1-0

[Event "Titled Tue 17th Jun Early"]
[Site "chess.com INT"]
[Date "2025.06.17"]
[Round "7"]
[White "Huh, Isaak"]
[Black "Sarquis, Maria Belen"]
[Result "0-1"]
[WhiteTitle "CM"]
[BlackTitle "WIM"]
[WhiteElo "2139"]
[BlackElo "2156"]
[WhiteFideId "13209590"]
[BlackFideId "111805"]
[EventDate "2025.06.17"]

1. Nf3 Nf6 2. g3 d5 3. Bg2 Bf5 4. O-O h6 5. c4 c6 6. Qb3 Qb6 7. d3 e6 8. Be3
Qxb3 9. axb3 a6 10. Nc3 Nbd7 11. Nd4 Bh7 12. Nc2 Be7 13. b4 dxc4 14. b5 cxb5 15.
Nxb5 O-O 16. Nc3 cxd3 17. Nd4 e5 18. Nb3 dxe2 19. Nxe2 Be4 20. f3 Bd3 21. Kf2
Rac8 22. Rfc1 Nd5 23. Bd2 Nc5 24. Na5 b6 25. b4 bxa5 26. bxc5 Bxc5+ 27. Ke1 Ne3
28. Bh3 Nc2+ 29. Rxc2 Bxc2 30. Bxc8 Rxc8 31. Rxa5 Bd3 32. Nc1 Bb5 33. Nb3 Bb6
34. Ra1 Rc2 35. Kd1 Rb2 36. Nc1 Kf8 37. h4 Ke8 38. Bc3 Rh2 39. Bxe5 Be3 40. Bxg7
Rd2+ 41. Ke1 Rg2 42. Be5 Rg1# 0-1

[Event "Titled Tue 17th Jun Early"]
[Site "chess.com INT"]
[Date "2025.06.17"]
[Round "7"]
[White "Stribuk, Artiom"]
[Black "Bok, Benjamin"]
[Result "1-0"]
[WhiteTitle "IM"]
[BlackTitle "GM"]
[WhiteElo "2460"]
[BlackElo "2582"]
[WhiteFideId "13515659"]
[BlackFideId "1017063"]
[EventDate "2025.06.17"]

1. c4 c5 2. g3 g6 3. Bg2 Bg7 4. Nc3 Nc6 5. Nf3 d6 6. O-O Rb8 7. e3 Nf6 8. d4 O-O
9. b3 cxd4 10. exd4 a6 11. d5 Na5 12. Nd4 Bd7 13. Rb1 b5 14. Nc6 Nxc6 15. dxc6
Bf5 16. Rb2 b4 17. Nd5 Nxd5 18. cxd5 Bxb2 19. Bxb2 Qa5 20. Re1 Qxa2 21. Qd4 f6
22. g4 Bc2 23. Rxe7 Qxb3 24. g5 Qd3 25. gxf6 Qxd4 26. Bxd4 Rf7 27. Bh3 Bf5 28.
Bxf5 gxf5 29. Re6 b3 30. Rxd6 b2 31. Bxb2 Rxb2 32. Rd8+ Rf8 33. c7 Rc2 34. d6 f4
35. Rxf8+ Kxf8 36. d7 Kf7 37. d8=Q 1-0